Score 0/18 Timer 03:00
2 Plays Today
Country Unscrambled % Correct
NAIRIran
97.1%
TYPEGEgypt
97%
QARIIraq
96.6%
LYATIItaly
95.8%
RAILENDIreland
93.8%
DIANIIndia
93.6%
MOANOman
93.4%
BALAINAAlbania
86%
NAGDAUUganda
85.3%
Country Unscrambled % Correct
LOGAANAngola
83.5%
EASTNIOEstonia
71.6%
GARATENINArgentina
71.4%
MAREANIArmenia
66.7%
NEARUKIUkraine
65.9%
RANDAROAndorra
60.7%
PITEAHIOEthiopia
57.1%
UATAISLARAustralia
56.4%
READOUCEcuador
51%
Remove Ads.
Support Sporcle.
Get the best of Sporcle when you Go Orange. This ad-free experience offers more features, more stats, and more fun while also helping to support Sporcle. Thank you for becoming a member.

You're not logged in!

Compare scores with friends on all Sporcle quizzes.
OR
Log In

Show Comments

Extras

Top Quizzes Today


Score Distribution

Your Account Isn't Verified!

In order to create a playlist on Sporcle, you need to verify the email address you used during registration. Go to your Sporcle Settings to finish the process.

Report this User

Report this user for behavior that violates our Community Guidelines.

Details: